| 000 | 00437nam a2200157Ia 4500 | ||
|---|---|---|---|
| 008 | 220216s9999 xx 000 0 und d | ||
| 100 | _aBandyopadhyay G G | ||
| 245 | 0 | _aViscoelastic behavior of NBR/EVA polymer blends: Application of models | |
| 260 |
_bRubber Chemistry and Technology _c1998 |
||
| 300 | _a650-662 | ||
| 650 | _aNBR/EVA blends | ||
| 700 | _aBhagawan S S | ||
| 700 | _aNinan K N | ||
| 700 | _aThomas S | ||
| 942 | _cJS | ||
| 999 |
_c72194 _d72194 |
||